Países com trânsito pela mão inglesa - Statistics

Estatísticas Gerais
  • Esse quiz foi jogado 36 vezes
  • A pontuação média é 33 de 54
Estatísticas das Respostas
Países % Correto
Austrália
96%
Reino Unido
96%
Nova Zelândia
93%
África do Sul
89%
Irlanda
89%
Índia
82%
Lesoto
71%
Tonga
71%
Zâmbia
71%
Antígua e Barbuda
68%
Bahamas
68%
Bangladesh
68%
Dominica
68%
Indonésia
68%
Santa Lúcia
68%
Zimbábue
68%
Barbados
64%
Fiji
64%
Japão
64%
Paquistão
64%
São Cristóvão e Névis
64%
Tuvalu
64%
Botsuana
61%
Granada
61%
Ilhas Salomão
61%
Jamaica
61%
Kiribati
61%
Malásia
61%
Namíbia
61%
Nauru
61%
Tanzânia
61%
Trinidad e Tobago
61%
Essuatíni
57%
Guiana
57%
Nepal
57%
Suriname
57%
Papua Nova Guiné
54%
São Vicente e Granadinas
54%
Seychelles
54%
Sri Lanka
54%
Tailândia
54%
Uganda
54%
Butão
50%
Quênia
50%
Samoa
50%
Moçambique
46%
Maurícia
43%
Singapura
43%
Brunei
39%
Maldivas
39%
Malta
39%
Timor-Leste
36%
Malawi
32%
Chipre
25%
Nenhum quiz correspondente encontrado
Distribuição das Pontuações
Porcentagem de Pessoas com Cada Pontuação
Percentil de Números Respondidos
Sua Pontuação Histórica
Você não jogou esse quiz